000 00624nam a2200181 a 4500
008 080109s1983 ||||||||||||||||| || u
020 _a0534012981
050 _aHD 31 Plu
100 _aAttner, Raymond F
245 1 0 _aIntroduction to management
260 _aBoston
_bKent
_c1983
300 _axv, 528 p. : ill.
350 _a0.00
500 _aIncludes index. -Bibliography: p.511-517.
650 0 _aMANAGEMENT
700 _aPlunkett, Warren Richard
995 _D0.00
_FCBU-MAIN LIBRARY (Kitwe)
_H1
_I21.00
_M1
_ULOST
_VMar 11, 2013
_ZMain Library Open Access Collection
999 _c47833
_d47833